| 000 | 00975nam a2200313 i 4500 | ||
|---|---|---|---|
| 003 | EG-ScBUE | ||
| 005 | 20241008101914.0 | ||
| 008 | 161130t2016 at a f 001 0 eng d | ||
| 020 | _a9781305266728 | ||
| 020 | _a1305266722 | ||
| 040 |
_aEG-ScBUE _beng _erda _cEG-ScBUE _dEG-ScBUE |
||
| 082 | 0 | 4 |
_222 _a515 _bSTE |
| 100 | 1 |
_99101 _aStewart, James, _d1941- _eauthor. |
|
| 245 | 1 | 0 |
_aCalculus / _cJames Stewart, McMaster University and University of Toronto. |
| 250 | _aEighth edition. | ||
| 250 | _aMetric version. | ||
| 264 | 1 |
_a[Canberra] : _bCengage Learning, _c[2016] |
|
| 264 | 4 | _cc2016 | |
| 300 |
_a1 volume (various pagings) : _billustrations ; _c28 cm |
||
| 336 |
_2rdacontent _atext _btxt |
||
| 337 |
_aunmediated _2rdamedia _bn |
||
| 338 |
_avolume _bnc _2rdacarrier |
||
| 500 | _aIncludes index. | ||
| 500 | _aIncludes Appendices. | ||
| 650 | 7 |
_2BUEsh _92017 _aCalculus. |
|
| 653 |
_bENGGEN _cNovember2016 |
||
| 655 |
_vText book _933728 |
||
| 942 |
_2ddc _cBB |
||
| 999 |
_c23389 _d23361 |
||